Nitrile rubbers (NBR) - Part 1 (Record no. 63955)

MARC details
000 -LEADER
fixed length control field 00340nam a2200145Ia 4500
100 ## - MAIN ENTRY--AUTHOR NAME
Personal name Majumdar M S
245 #0 - TITLE STATEMENT
Title Nitrile rubbers (NBR) - Part 1
260 ## - PUBLICATION, DISTRIBUTION, ETC. (IMPRINT)
Name of publisher Rubber India
Year of publication 1997
300 ## - PHYSICAL DESCRIPTION
Number of Pages 15-Sep
650 ## - SUBJECT ADDED ENTRY--TOPICAL TERM
Topical Term NBR
650 ## - SUBJECT ADDED ENTRY--TOPICAL TERM
Topical Term Nitrile rubber
700 ## - ADDED ENTRY--PERSONAL NAME
Personal name Joshi Tilak
942 ## - ADDED ENTRY ELEMENTS (KOHA)
Koha item type Journals
Holdings
Withdrawn status Lost status Damaged status Not for loan Home library Current library Shelving location Date acquired Serial Enumeration / chronology Koha item type
      Journals RRII Library RRII Library Rubber chemistry 17/12/2021 Volume 49, Issue 2 Journals